| 000 | 00417nab a2200145Ia 4500 | ||
|---|---|---|---|
| 003 | ES-SlBCS | ||
| 005 | 20210601132855.0 | ||
| 008 | 140529s1967 xxu||||| |||| 00| 0 ita d | ||
| 041 | _aita | ||
| 100 | 1 |
_aPrini, Pietro _97947 |
|
| 245 | 0 | 0 |
_aUna storia della sofistica _c Pietro Prini |
| 650 | 0 | 4 |
_aSofística _9175439 |
| 773 | 0 |
_tGiornali di Metafisica _gvol. 22, nº. 6, 1967, págs. 712-714 _w0017-0372 |
|
| 942 | _cAR | ||
| 999 |
_c587013 _d587013 |
||